000 00321nam a2200133Ia 4500
003 OSt
008 191201s2000 xx 000 0 und d
100 _aCHATTOPADHYAY,D.
245 0 _aFundamentals of Electric Circuit Theory
260 _aN. Delhi
_bS Chand
_c2000
300 _a421
650 _aB.Tech(ECE)
942 _2ddc
_cBK
999 _c426
_d426